000 00654nam a2200229 a 4500
001 1655
005 20140414131919.0
008 020411s19uu xx 00 eng d
050 _aER
_bM66 Vol.2
245 _aMini treasure chest of great fairy tales II, book 2.
260 _a[s.l.] :
_bTormont,
_c[n.d.]
300 _a16 p. : ill. ; cm.
440 _aMini treasure chest of great fairy tales
500 _aTitle includes: Cinderella; Sleeping Beauty; The Conceited Stag.
650 _aFairy tales.
650 _aChildren stories
_xFiction.
999 _c111660
_d111660